History Quiz

Random History Quiz

Presidents by Last Words Quiz Stats

 Plays Quiz not verified by Sporcle

Challenge
Share
Tweet
Embed
Score 0/32 Timer 08:00
0 Plays Today
Dying words President % Correct
Thomas Jefferson still survivesJohn Adams
96.9%
I regret that I should leave this world without again beholding him. [referring to James Madison]James Monroe
76%
[In response to 'you can't say that Dallas doesn't love you.'] That's very obvious. John Kennedy
68.8%
Tis wellGeorge Washington
58.3%
I have a terrific headache. Franklin Roosevelt
58.3%
I resign my spirit to God, my daughter to my country. Thomas Jefferson
57.3%
I always talk better lying downJames Madison
54.2%
It doesn't really matter. [persuading his wife to hold hands in public]Abraham Lincoln
52.1%
This is the last of Earth. I am content.John Quincy Adams
51%
Be good children, all of you, and strive to be ready when the change comes. Andrew Jackson
51%
I love you, Sarah. For all eternity, I love you.James Polk
49%
I know that I am going where Lucy [wife] is.Rutherford Hayes
47.9%
There is but one reliance... Martin Van Buren
44.8%
I wish you to understand the true principles of government. I wish them carried out. I ask nothing more.William Henry Harrison
44.8%
...at least I meant well for my country. Oh Lord God Almighty, as thou wilt. James Buchanan
44.8%
I regret nothing, but I am sorry that I am about to leave my friends.Zachary Taylor
42.7%
Dying words President % Correct
The nourishment is palatable. Millard Fillmore
42.7%
Water. Ulysses Grant
42.7%
Doctor, I am going. Perhaps it is best. John Tyler
41.7%
Send Mike immediately!Lyndon Johnson
41.7%
HelpRichard Nixon
41.7%
I need no doctor. I can overcome my troubles. Andrew Johnson
39.6%
Oh Swaim [chief of staff], there is a pain here. Swaim, can't you stop this? Oh, oh, Swaim! James Garfield
39.6%
Good morning, Robert. Calvin Coolidge
39.6%
I have tried so hard to do right. Grover Cleveland
38.5%
I am a broken piece of machinery. When the machine is broken... I am ready. Woodrow Wilson
38.5%
Levi Strauss was one of my best friends. Herbert Hoover
38.5%
[in response to his wife, 'I want to go with you,') We are all going. Oh, dear. William McKinley
37.5%
Please put out the light. Theodore Roosevelt
37.5%
That's good. Go on. Read some more. Warren Harding
37.5%
I want to go. I'm ready to go. God, take meDwight Eisenhower
37.5%
Doctor...my lungs. Benjamin Harrison
35.4%

You're not logged in!

Compare scores with friends on all Sporcle quizzes.
Join for Free
OR
Log In

You Might Also Like...

Show Comments

Extras

Created Aug 19, 2010SourceReportNominate

Top Quizzes Today


Score Distribution

Your Account Isn't Verified!

In order to create a playlist on Sporcle, you need to verify the email address you used during registration. Go to your Sporcle Settings to finish the process.

Report this User

Report this user for behavior that violates our Community Guidelines.

Details: